[Event "CAN-ch O1800"]
[Site "Toronto CAN"]
[Date "2025.04.19"]
[Round "4.7"]
[White "Maulucci, Anthony"]
[Black "Li, Triston Bai"]
[Result "1-0"]
[WhiteElo "2051"]
[BlackElo "1937"]
[WhiteFideId "-1"]
[WhiteFideId "-1"]
[PlyCount "59"]
[GameId "2183959787815804"]
[EventDate "2025.04.18"]
[EventType "swiss"]
[EventRounds "9"]
[EventCountry "CAN"]

1. d4 e6 2. c4 Nf6 3. Nc3 Bb4 4. e3 O-O 5. Bd3 c5 6. Nf3 b6 7. O-O Bb7 8. a3 Bxc3 9. bxc3 Ne4 10. Nd2 Nxd2 11. Bxd2 Qh4 12. f3 f5 13. Qe2 d5 14. cxd5 exd5 15. e4 dxe4 16. fxe4 Bxe4 17. Rf4 Qd8 18. Bxe4 fxe4 19. Qc4+ Kh8 20. Rxf8+ Qxf8 21. Rf1 Qe8 22. dxc5 Nd7 23. cxb6 axb6 24. Re1 Nc5 25. Be3 Nd3 26. Rf1 b5 27. Qd5 h6 28. Bd4 Rxa3 29. Qd6 Ra8 30. Qxh6+ 1-0

[Event "CAN-ch O1800"]
[Site "Toronto CAN"]
[Date "2025.04.19"]
[Round "4.8"]
[White "Deshpande, Sarthak"]
[Black "Qian, Eric"]
[Result "1/2-1/2"]
[WhiteElo "1951"]
[BlackElo "2095"]
[WhiteFideId "-1"]
[WhiteFideId "-1"]
[PlyCount "101"]
[GameId "2183959787815805"]
[EventDate "2025.04.18"]
[EventType "swiss"]
[EventRounds "9"]
[EventCountry "CAN"]

1. d4 d5 2. c4 e6 3. Nf3 Nf6 4. g3 Be7 5. Bg2 O-O 6. Nc3 c6 7. O-O Nbd7 8. b3 b6 9. Qc2 Ba6 10. Rd1 Rc8 11. e4 dxe4 12. Nxe4 Nxe4 13. Qxe4 c5 14. Bb2 Nf6 15. Qe1 Qc7 16. dxc5 bxc5 17. Be5 Qb6 18. Rd2 Bb7 19. Rad1 Rfd8 20. Rxd8+ Rxd8 21. Rxd8+ Qxd8 22. Qd2 Qb6 23. Bxf6 Bxf6 24. Qd7 Qc6 25. Qxc6 Bxc6 26. Nd2 Bxg2 27. Kxg2 Kf8 28. Ne4 Be7 29. Nc3 Ke8 30. f4 Kd7 31. Kf3 h6 32. Ke4 Bf6 33. Ne2 Kd6 34. Ng1 Bc3 35. Nf3 g6 36. Kd3 Bb2 37. Ke4 Ba1 38. Kd3 Bg7 39. Ke4 Bb2 40. Kd3 Ba1 41. Ke4 Bh8 42. Kd3 Bb2 43. Ke4 f5+ 44. Kd3 e5 45. Nh4 e4+ 46. Ke2 Bf6 47. Nxg6 Ke6 48. Nh4 Bxh4 49. gxh4 a5 50. a4 Kf6 51. h5 1/2-1/2

[Event "CAN-ch O1800"]
[Site "Toronto CAN"]
[Date "2025.04.19"]
[Round "4.9"]
[White "Bluvshtein, Ilia"]
[Black "Nguyen, Minh Thong"]
[Result "1-0"]
[WhiteElo "2086"]
[BlackElo "1949"]
[WhiteFideId "-1"]
[WhiteFideId "-1"]
[PlyCount "47"]
[GameId "2183959787823998"]
[EventDate "2025.04.18"]
[EventType "swiss"]
[EventRounds "9"]
[EventCountry "CAN"]

1. e4 c5 2. Nf3 Nc6 3. d4 cxd4 4. Nxd4 g6 5. Nc3 Bg7 6. Be3 Nf6 7. Bc4 O-O 8. Bb3 d6 9. f3 Bd7 10. Qd2 Rc8 11. h4 Ne5 12. h5 Nxh5 13. g4 Bxg4 14. fxg4 Nxg4 15. O-O-O Nxe3 16. Qxe3 Qb6 17. Nd5 Qd8 18. Rxh5 gxh5 19. Rg1 Kh8 20. Rxg7 Kxg7 21. Qg5+ Kh8 22. Nxe7 f5 23. Ng6+ Kg7 24. Ne6+ 1-0

[Event "CAN-ch O1800"]
[Site "Toronto CAN"]
[Date "2025.04.19"]
[Round "4.10"]
[White "Park, Haneul"]
[Black "Filipovich, David"]
[Result "1/2-1/2"]
[WhiteElo "1923"]
[BlackElo "2011"]
[WhiteFideId "-1"]
[WhiteFideId "-1"]
[PlyCount "50"]
[GameId "2183959787696990"]
[EventDate "2025.04.18"]
[EventType "swiss"]
[EventRounds "9"]
[EventCountry "CAN"]

1. d4 g6 2. c4 Bg7 3. Nc3 c5 4. d5 Bxc3+ 5. bxc3 f5 6. Nf3 Nf6 7. Qd3 d6 8. e3 Qa5 9. Bd2 Nbd7 10. Be2 Nb6 11. O-O Bd7 12. Ng5 h6 13. Ne6 Kf7 14. Bf3 Qa6 15. Be2 Bxe6 16. dxe6+ Kxe6 17. f3 Kf7 18. e4 e6 19. Be3 Rad8 20. g4 d5 21. exf5 exf5 22. gxf5 g5 23. Bxc5 dxc4 24. Qc2 Rhe8 25. Rfe1 Nbd5 1/2-1/2

[Event "CAN-ch O1800"]
[Site "Toronto CAN"]
[Date "2025.04.19"]
[Round "4.11"]
[White "Xu, Ryan"]
[Black "Wang, Jonathan"]
[Result "1-0"]
[WhiteElo "2010"]
[BlackElo "1911"]
[WhiteFideId "-1"]
[WhiteFideId "-1"]
[PlyCount "41"]
[GameId "2183959787701087"]
[EventDate "2025.04.18"]
[EventType "swiss"]
[EventRounds "9"]
[EventCountry "CAN"]

1. d4 d5 2. Bf4 e6 3. Nf3 Nf6 4. e3 Bd6 5. Bg3 O-O 6. Nbd2 c5 7. c3 Nc6 8. Bd3 Re8 9. Ne5 cxd4 10. exd4 Ne7 11. f4 Nf5 12. Bf2 Ne4 13. Nxe4 dxe4 14. Bxe4 Qc7 15. Qa4 Re7 16. g4 f6 17. gxf5 exf5 18. Bd5+ Kf8 19. O-O-O fxe5 20. fxe5 Bxe5 21. dxe5 1-0

[Event "CAN-ch O1800"]
[Site "Toronto CAN"]
[Date "2025.04.19"]
[Round "4.12"]
[White "Fillmore, Louis"]
[Black "Syed, Farhaan"]
[Result "1-0"]
[WhiteElo "1997"]
[BlackElo "1789"]
[WhiteFideId "-1"]
[WhiteFideId "-1"]
[PlyCount "53"]
[GameId "2183959787705184"]
[EventDate "2025.04.18"]
[EventType "swiss"]
[EventRounds "9"]
[EventCountry "CAN"]

1. e4 c6 2. d4 d5 3. f3 dxe4 4. fxe4 e5 5. Nf3 exd4 6. Bc4 Be6 7. Bxe6 fxe6 8. O-O Bc5 9. Ng5 d3+ 10. Kh1 Qd4 11. Nxe6 Qe5 12. Nxc5 Qxc5 13. cxd3 Nd7 14. Nc3 O-O-O 15. Bf4 Ngf6 16. Qb3 Ng4 17. Nd5 Rde8 18. h3 h5 19. Rac1 Qd4 20. Rc4 Nf2+ 21. Kh2 Qxd3 22. Rxf2 Qb1 23. Qa4 Kd8 24. Bc7+ Kc8 25. Rxc6 Nb6 26. Bxb6+ Kd7 27. Rf7+ 1-0

[Event "CAN-ch O1800"]
[Site "Toronto CAN"]
[Date "2025.04.19"]
[Round "4.13"]
[White "Huang, Justin"]
[Black "Tamkan, Ekrem"]
[Result "0-1"]
[WhiteElo "1925"]
[BlackElo "1997"]
[WhiteFideId "-1"]
[WhiteFideId "-1"]
[PlyCount "116"]
[GameId "2183959787709281"]
[EventDate "2025.04.18"]
[EventType "swiss"]
[EventRounds "9"]
[EventCountry "CAN"]

1. d4 Nf6 2. c4 g6 3. Nc3 Bg7 4. e4 d6 5. f3 O-O 6. Be3 Nc6 7. Qd2 e5 8. Nge2 exd4 9. Nxd4 Ne5 10. Be2 Be6 11. Nxe6 fxe6 12. O-O Nf7 13. Rfd1 Qe7 14. Rac1 Rfd8 15. Bf1 Rd7 16. Qf2 Rf8 17. h3 b6 18. b4 Bh6 19. Bxh6 Nxh6 20. a3 Nh5 21. Rc2 Qg5 22. Ne2 Rdf7 23. Rd3 Nf4 24. Nxf4 Rxf4 25. Qe2 Qg3 26. Qf2 Qg5 27. Qe2 Nf7 28. Re3 Ne5 29. Rcc3 Nc6 30. Qd1 a5 31. Rb3 axb4 32. axb4 Rh4 33. Kh2 Nxb4 34. g3 Rh5 35. f4 Qc5 36. Qd2 Nc6 37. Rb5 Qd4 38. Qxd4 Nxd4 39. Rxh5 gxh5 40. Ra3 h4 41. Ra7 hxg3+ 42. Kxg3 Rf7 43. Ra2 Kf8 44. Be2 Ke7 45. Bg4 Rg7 46. Kf2 e5 47. Ke3 h5 48. fxe5 dxe5 49. Bxh5 Rg3+ 50. Kf2 Rxh3 51. Be2 Rh2+ 52. Ke3 Rxe2+ 53. Rxe2 Nxe2 54. Kxe2 Kd6 55. Kd3 Kc5 56. Kc3 c6 57. Kd3 Kb4 58. c5 Kxc5 0-1

[Event "CAN-ch O1800"]
[Site "Toronto CAN"]
[Date "2025.04.19"]
[Round "4.14"]
[White "Lakhani, Riyaan"]
[Black "Wang, William"]
[Result "1-0"]
[WhiteElo "1976"]
[BlackElo "1713"]
[WhiteFideId "-1"]
[WhiteFideId "-1"]
[PlyCount "193"]
[GameId "2183959787717474"]
[EventDate "2025.04.18"]
[EventType "swiss"]
[EventRounds "9"]
[EventCountry "CAN"]

1. Nf3 Nf6 2. g3 b6 3. Bg2 Bb7 4. O-O e6 5. d3 g6 6. e4 d6 7. Nbd2 Bg7 8. h3 Nbd7 9. Qe2 Qe7 10. Nh2 O-O 11. f4 Nh5 12. Qf2 c5 13. Ndf3 f5 14. Qe1 Rae8 15. e5 dxe5 16. fxe5 f4 17. g4 Ng3 18. Rf2 h5 19. b3 hxg4 20. Nxg4 Rf5 21. Bb2 Ref8 22. Rd1 Rh5 23. Rdd2 Bxf3 24. Rxf3 Rff5 25. Rxg3 fxg3 26. Re2 Qg5 27. Bc1 Qd8 28. Bb2 Qc7 29. Qxg3 Nxe5 30. Nxe5 Rhg5 31. Qe1 Bxe5 32. h4 Bh2+ 33. Kh1 Rh5 34. Rxe6 Kf7 35. Bh3 Bg3 36. Qe2 Rxh4 37. Kg2 Rf2+ 38. Qxf2+ Bxf2 39. Rf6+ Ke7 40. Rxf2 Rf4 41. Re2+ Kf8 42. Bc1 Qc6+ 43. Kh2 Rf6 44. Bg4 Qd6+ 45. Kg2 Qd4 46. Bf3 Qd7 47. Bb2 Rf7 48. Be5 Qf5 49. Bd6+ Kg7 50. Re3 g5 51. Be5+ Kh6 52. Bg3 g4 53. Be2 Qh5 54. Bh2 Qh4 55. Rg3 Rf4 56. Bg1 Rb4 57. Be3+ Kh7 58. a3 Rb5 59. Bxg4 Qe7 60. Bf5+ Kh8 61. Be4 a5 62. Bc6 a4 63. Bxb5 Qb7+ 64. Kh2 axb3 65. cxb3 Qc7 66. Bc4 Qe5 67. a4 Qb2+ 68. Kh3 Qe2 69. Kh4 Qe1 70. Kg4 Qe2+ 71. Kf4 Qh2 72. d4 Qh6+ 73. Rg5 Qd6+ 74. Ke4 cxd4 75. Bxd4+ Kh7 76. Rb5 Qg6+ 77. Kd5 Qg2+ 78. Kd6 Qg6+ 79. Kc7 Qh6 80. Bxb6 Qg7+ 81. Kc6 Qf6+ 82. Kb7 Qf3+ 83. Bd5 Qg4 84. Rc5 Kh6 85. a5 Qd7+ 86. Bc7 Qg4 87. a6 Qb4+ 88. Bb6 Qg4 89. a7 Qd7+ 90. Bc7 Qe7 91. Rc6+ Kh7 92. a8=Q Qb4+ 93. Bb6 Qg4 94. Rc7+ Kh6 95. Be3+ Kg6 96. Qg8+ Kf5 97. Qe6# 1-0

[Event "CAN-ch O1800"]
[Site "Toronto CAN"]
[Date "2025.04.19"]
[Round "4.15"]
[White "Valavan, Aaryan"]
[Black "Starr, Sasha"]
[Result "1/2-1/2"]
[WhiteElo "1767"]
[BlackElo "2071"]
[WhiteFideId "-1"]
[WhiteFideId "-1"]
[PlyCount "98"]
[GameId "2183959787721571"]
[EventDate "2025.04.18"]
[EventType "swiss"]
[EventRounds "9"]
[EventCountry "CAN"]

1. e4 e5 2. Nf3 d6 3. d4 exd4 4. Nxd4 g6 5. Be3 Bg7 6. c4 Nf6 7. Nc3 Ng4 8. Qd2 Nxe3 9. Qxe3 c6 10. Be2 Qb6 11. Nb3 Qxe3 12. fxe3 Bxc3+ 13. bxc3 Nd7 14. Rf1 Ne5 15. O-O-O Ke7 16. c5 Rd8 17. h3 Be6 18. cxd6+ Rxd6 19. Nc5 b6 20. Nxe6 fxe6 21. Rd4 Rad8 22. Kc2 c5 23. Rxd6 Rxd6 24. a4 c4 25. Rb1 a6 26. h4 Kd7 27. h5 Kc6 28. Rf1 Rd8 29. g4 b5 30. Ra1 Kb6 31. Rb1 Rf8 32. axb5 axb5 33. Rd1 Kc5 34. Ra1 Nc6 35. Ra6 Rf2 36. Kd1 Rf7 37. Ra8 Rd7+ 38. Ke1 Rd8 39. Ra6 Rb8 40. Kd2 b4 41. Bxc4 b3 42. Kc1 b2+ 43. Kb1 Ne5 44. Be2 Rb3 45. Rxe6 Nc6 46. hxg6 hxg6 47. Rxg6 Rxc3 48. Kxb2 Rxe3 49. Bf1 Ne5 1/2-1/2

[Event "CAN-ch O1800"]
[Site "Toronto CAN"]
[Date "2025.04.19"]
[Round "4.16"]
[White "Cheung, Oscar"]
[Black "Yin, Zeming"]
[Result "1/2-1/2"]
[WhiteElo "792"]
[BlackElo "1993"]
[WhiteFideId "-1"]
[WhiteFideId "-1"]
[PlyCount "74"]
[GameId "2183959787725668"]
[EventDate "2025.04.18"]
[EventType "swiss"]
[EventRounds "9"]
[EventCountry "CAN"]

1. e4 c5 2. Nf3 Nc6 3. Bb5 g6 4. c3 Nf6 5. e5 Nd5 6. d4 cxd4 7. Qb3 Nb6 8. cxd4 d5 9. O-O Bg7 10. Nc3 O-O 11. h3 Bf5 12. Ne2 Rc8 13. Bd2 Nc4 14. Bc3 N4a5 15. Qd1 a6 16. Bd3 Bxd3 17. Qxd3 b5 18. a3 Qb6 19. b4 Nc4 20. Nd2 e6 21. Nc1 f6 22. exf6 Bxf6 23. Ncb3 Rcd8 24. f4 e5 25. fxe5 N6xe5 26. Qg3 Nxd2 27. Nxd2 Nc6 28. Kh1 Bxd4 29. Bxd4 Qxd4 30. Nf3 Qd3 31. Rfd1 Qf5 32. Rac1 Qd7 33. Rc5 d4 34. Rdc1 Rc8 35. Rd1 Rfe8 36. Qf4 d3 37. Rc3 Rcd8 1/2-1/2

[Event "CAN-ch O1800"]
[Site "Toronto CAN"]
[Date "2025.04.19"]
[Round "4.17"]
[White "Lukinykh, Slava"]
[Black "Katz, Lyam"]
[Result "1-0"]
[WhiteElo "1987"]
[BlackElo "1850"]
[WhiteFideId "-1"]
[WhiteFideId "-1"]
[PlyCount "109"]
[GameId "2183959787729765"]
[EventDate "2025.04.18"]
[EventType "swiss"]
[EventRounds "9"]
[EventCountry "CAN"]

1. e4 e5 2. Nf3 Nc6 3. Bb5 a6 4. Bxc6 dxc6 5. Nc3 Nf6 6. Nxe5 Nxe4 7. Nxe4 Qd5 8. O-O Qxe5 9. d4 Qa5 10. Re1 Be6 11. Ng5 O-O-O 12. Nxe6 fxe6 13. Rxe6 Qd5 14. Qg4 Qxd4 15. Re4+ Qd7 16. Qxd7+ Rxd7 17. Re8+ Rd8 18. Rxd8+ Kxd8 19. Bg5+ Kc8 20. Re1 Bd6 21. g4 h5 22. h3 hxg4 23. hxg4 Kd7 24. Kg2 Rh2+ 25. Kf3 Rh3+ 26. Ke4 Rh8 27. Be3 g6 28. Rd1 Re8+ 29. Kf3 Rf8+ 30. Kg2 Rh8 31. Rh1 Rxh1 32. Kxh1 Ke6 33. Kg2 Kd5 34. Kf3 Be5 35. b3 b5 36. Ke2 b4 37. f4 Bd6 38. Kd3 c5 39. f5 gxf5 40. gxf5 Ke5 41. Kc4 Kxf5 42. Bxc5 Be5 43. Kxb4 Ke4 44. Ka5 Kd5 45. Bf2 Kc6 46. Kxa6 Bc3 47. a4 Bb4 48. Bd4 Be1 49. c3 Bh4 50. b4 Be7 51. b5+ Kd7 52. Kb7 Bd8 53. a5 c5 54. bxc6+ Kd6 55. a6 1-0

[Event "CAN-ch O1800"]
[Site "Toronto CAN"]
[Date "2025.04.19"]
[Round "4.18"]
[White "Sheth, Rudra"]
[Black "Ajith, Aarush"]
[Result "1-0"]
[WhiteElo "1734"]
[BlackElo "1970"]
[WhiteFideId "-1"]
[WhiteFideId "-1"]
[PlyCount "109"]
[GameId "2183959787733862"]
[EventDate "2025.04.18"]
[EventType "swiss"]
[EventRounds "9"]
[EventCountry "CAN"]

1. e4 c5 2. Nf3 d6 3. Bb5+ Nd7 4. a4 a6 5. Be2 Ngf6 6. Nc3 e6 7. d4 cxd4 8. Qxd4 Be7 9. a5 O-O 10. O-O Qc7 11. h3 Rd8 12. Be3 Qc6 13. Rfb1 Nc5 14. Bd3 Qc7 15. b4 Ncd7 16. Na4 e5 17. Qb2 Rf8 18. c4 Nh5 19. Rc1 Nf4 20. Qd2 Nxd3 21. Qxd3 Nf6 22. Nb6 Rb8 23. Rc2 Be6 24. Rac1 Ne8 25. c5 f5 26. exf5 Bxf5 27. Qb3+ Kh8 28. Rd2 Bxh3 29. Rcd1 Bg4 30. Nd5 Qd7 31. Nxe7 Bxf3 32. gxf3 Qxe7 33. cxd6 Qd7 34. Qd5 Rf5 35. Kf1 Nf6 36. Qc4 Rc8 37. Qd3 Rxf3 38. Rc2 Rc6 39. Rxc6 bxc6 40. Qxa6 h6 41. Qa8+ Kh7 42. Ke2 Qe6 43. Qxc6 e4 44. a6 Ng4 45. Qd5 Qg6 46. Rg1 h5 47. Rxg4 Qxg4 48. Kd2 Rf5 49. Qd4 Qg6 50. d7 Qxa6 51. d8=Q Qa2+ 52. Ke1 Qb1+ 53. Ke2 Qc2+ 54. Bd2 Rf3 55. Qg5 1-0

[Event "CAN-ch O1800"]
[Site "Toronto CAN"]
[Date "2025.04.19"]
[Round "4.19"]
[White "Byl, Oliver"]
[Black "Sekaran, Adithya"]
[Result "1-0"]
[WhiteElo "1881"]
[BlackElo "1720"]
[WhiteFideId "-1"]
[WhiteFideId "-1"]
[PlyCount "97"]
[GameId "2183959787737959"]
[EventDate "2025.04.18"]
[EventType "swiss"]
[EventRounds "9"]
[EventCountry "CAN"]

1. Nf3 d5 2. g3 c5 3. Bg2 Nf6 4. O-O e6 5. d4 Nc6 6. c4 Be7 7. dxc5 Bxc5 8. a3 O-O 9. b4 Be7 10. Bb2 dxc4 11. Qc1 Nd5 12. Qxc4 Bf6 13. Bxf6 Qxf6 14. Nbd2 Qc3 15. Qh4 Qf6 16. Qxf6 Nxf6 17. Nc4 Rd8 18. Rfd1 Bd7 19. Nfe5 Nxe5 20. Nxe5 Rab8 21. Rac1 Bb5 22. Rxd8+ Rxd8 23. Bf3 Nd5 24. Rc5 Be8 25. e4 Nb6 26. Rc7 f6 27. Ng4 Rd3 28. Kg2 Rxa3 29. Rxb7 Bc6 30. Rc7 Ba8 31. Ne3 Ra4 32. Nc4 Nxc4 33. Rxc4 Bb7 34. Rd4 h6 35. Bd1 Ra6 36. f3 e5 37. Rd8+ Kh7 38. Be2 Ra2 39. Kf1 Ra4 40. b5 a6 41. Rb8 axb5 42. Rxb7 b4 43. Bc4 Ra1+ 44. Kg2 Rb1 45. g4 Rb2+ 46. Kg3 Kg6 47. h4 Rb1 48. h5+ Kh7 49. Rb8 1-0

[Event "CAN-ch O1800"]
[Site "Toronto CAN"]
[Date "2025.04.19"]
[Round "4.20"]
[White "Fu, Odyssey"]
[Black "Desai, Kahan"]
[Result "1-0"]
[WhiteElo "1727"]
[BlackElo "1869"]
[WhiteFideId "-1"]
[WhiteFideId "-1"]
[PlyCount "61"]
[GameId "2183959787750249"]
[EventDate "2025.04.18"]
[EventType "swiss"]
[EventRounds "9"]
[EventCountry "CAN"]

1. e4 e5 2. Nf3 Nf6 3. Nxe5 d6 4. Nf3 Nxe4 5. Bc4 d5 6. Bb3 c5 7. O-O Be7 8. c3 O-O 9. d4 c4 10. Bc2 Bg4 11. h3 Bh5 12. Re1 f5 13. b3 g5 14. bxc4 g4 15. hxg4 fxg4 16. Bxe4 dxe4 17. Ne5 g3 18. f3 Bd6 19. Rxe4 Bxe5 20. Rxe5 Qh4 21. Rg5+ Kh8 22. Qe1 Qh2+ 23. Kf1 Rxf3+ 24. gxf3 Qh1+ 25. Ke2 Bxf3+ 26. Kd2 Qg2+ 27. Kd3 Nc6 28. Bf4 Be4+ 29. Qxe4 Qf1+ 30. Kc2 Qf2+ 31. Nd2 1-0

[Event "CAN-ch O1800"]
[Site "Toronto CAN"]
[Date "2025.04.19"]
[Round "4.21"]
[White "Fradkin, Benjamin"]
[Black "Lau, Jayden"]
[Result "0-1"]
[WhiteElo "1939"]
[BlackElo "1790"]
[WhiteFideId "-1"]
[WhiteFideId "-1"]
[PlyCount "86"]
[GameId "2183959787750250"]
[EventDate "2025.04.18"]
[EventType "swiss"]
[EventRounds "9"]
[EventCountry "CAN"]

1. d4 e6 2. c4 Nf6 3. Nf3 b6 4. g3 Bb7 5. Bg2 Be7 6. O-O O-O 7. Nc3 Ne4 8. Nxe4 Bxe4 9. Bf4 d6 10. Nd2 Bxg2 11. Kxg2 f5 12. Nf3 Qc8 13. Bg5 Bf6 14. Rc1 Nd7 15. b4 Qb7 16. Kg1 Rfd8 17. Qd2 Rac8 18. Rfd1 h6 19. Bxf6 Nxf6 20. d5 e5 21. Nh4 Rf8 22. Nxf5 Ne4 23. Ne7+ Kf7 24. Qc2 Nxf2 25. Qg6+ Kxe7 26. Qe6+ Kd8 27. Rf1 Rf6 28. Qg8+ Ke7 29. Qxg7+ Rf7 30. Qxh6 Rcf8 31. Qe6+ Kd8 32. c5 Rf6 33. Rxf2 Rxe6 34. c6 Qa6 35. Rxf8+ Re8 36. Rf7 Qxe2 37. Rcf1 Qe3+ 38. R1f2 Qd4 39. a4 Qd1+ 40. Rf1 Qd4+ 41. R1f2 e4 42. b5 Kc8 43. Kg2 e3 0-1

[Event "CAN-ch O1800"]
[Site "Toronto CAN"]
[Date "2025.04.19"]
[Round "4.22"]
[White "Kong, Brian"]
[Black "Wu, Ting En Ryan"]
[Result "1/2-1/2"]
[WhiteElo "1794"]
[BlackElo "1968"]
[WhiteFideId "-1"]
[WhiteFideId "-1"]
[PlyCount "83"]
[GameId "2183959787754347"]
[EventDate "2025.04.18"]
[EventType "swiss"]
[EventRounds "9"]
[EventCountry "CAN"]

1. e4 c5 2. Nf3 Nc6 3. Bb5 e6 4. Nc3 Nge7 5. a4 a6 6. Bxc6 bxc6 7. O-O Ng6 8. d4 cxd4 9. Qxd4 c5 10. Qd3 d6 11. Rb1 Rb8 12. Bg5 f6 13. Be3 Be7 14. Ne2 O-O 15. Nf4 Nxf4 16. Bxf4 Kh8 17. b3 Bb7 18. Nd2 f5 19. exf5 Rxf5 20. Bg3 Rd5 21. Qe2 Qd7 22. Nc4 Rf5 23. f3 e5 24. Rbd1 Qc7 25. Rfe1 Rbf8 26. Qd3 R8f6 27. Qc3 Re6 28. Ne3 Rf8 29. Nd5 Bxd5 30. Rxd5 Qc6 31. Red1 Qb6 32. Qc4 Bg5 33. h3 Be3+ 34. Kh2 Rg6 35. Qe4 Bh6 36. Qd3 Rxg3 37. Rxd6 Qc7 38. Kxg3 e4 39. Qxe4 Bf4+ 40. Qxf4 Rxf4 41. Kxf4 h6 42. R1d2 1/2-1/2

[Event "CAN-ch O1800"]
[Site "Toronto CAN"]
[Date "2025.04.19"]
[Round "4.23"]
[White "Dembla, Shabd"]
[Black "Wen, Justin"]
[Result "0-1"]
[WhiteElo "1909"]
[BlackElo "1856"]
[WhiteFideId "-1"]
[WhiteFideId "-1"]
[PlyCount "120"]
[GameId "2183959787758444"]
[EventDate "2025.04.18"]
[EventType "swiss"]
[EventRounds "9"]
[EventCountry "CAN"]

1. d4 Nf6 2. Bf4 c5 3. d5 g6 4. Nc3 Bg7 5. e4 d6 6. Be2 Qb6 7. Rb1 Nxe4 8. Nxe4 Qb4+ 9. Qd2 Qxe4 10. Nf3 O-O 11. O-O Nd7 12. c4 Ne5 13. Ng5 Qd4 14. Qxd4 cxd4 15. Bxe5 dxe5 16. Rbd1 h6 17. Nf3 b6 18. Rfe1 e6 19. dxe6 Bxe6 20. Bd3 Rac8 21. Rc1 e4 22. Bxe4 Rxc4 23. Rxc4 Bxc4 24. b3 Ba6 25. Rc1 Re8 26. Nd2 h5 27. f4 f5 28. Bd5+ Kh7 29. Nf3 Bf6 30. Kf2 d3 31. Bc4 Re2+ 32. Kf1 Rxa2 33. Bxa6 Rxa6 34. Rd1 Ra1 35. Rxa1 Bxa1 36. Kf2 Bb2 37. Ke3 Bc1+ 38. Kxd3 Bxf4 39. Kc4 g5 40. h3 a5 41. Kd5 Kg6 42. Ke6 b5 43. Nd4 a4 44. Nxb5 axb3 45. Nc3 g4 46. Kd5 Bd2 47. Nb1 Be3 48. Kc4 f4 49. Kd3 Kg5 50. Ke2 Kh4 51. hxg4 hxg4 52. Kf1 Kg3 53. Nc3 f3 54. Ne4+ Kf4 55. Nc3 Bd4 56. Nd1 b2 57. Nxb2 Bxb2 58. Kg1 Bd4+ 59. Kh2 f2 60. g3+ Kf3 0-1

[Event "CAN-ch O1800"]
[Site "Toronto CAN"]
[Date "2025.04.19"]
[Round "4.24"]
[White "Huang, Eric"]
[Black "Cholakis, Max"]
[Result "1-0"]
[WhiteElo "1893"]
[BlackElo "1829"]
[WhiteFideId "-1"]
[WhiteFideId "-1"]
[PlyCount "101"]
[GameId "2183959787758445"]
[EventDate "2025.04.18"]
[EventType "swiss"]
[EventRounds "9"]
[EventCountry "CAN"]

1. d4 Nf6 2. c4 b6 3. Nf3 Bb7 4. g3 e6 5. Bg2 Be7 6. O-O O-O 7. Nc3 d6 8. Qc2 Nbd7 9. e4 Re8 10. e5 dxe5 11. dxe5 Ng4 12. h3 Ngxe5 13. Nxe5 Bxg2 14. Nxf7 Kxf7 15. Kxg2 Nf6 16. Bg5 h6 17. Bxf6 Bxf6 18. Rad1 Qe7 19. Ne2 Rad8 20. Nf4 Qc5 21. Qe4 Qf5 22. Qc6 Be5 23. Rxd8 Rxd8 24. Re1 Rd2 25. Re3 g5 26. g4 Qf6 27. Nd3 Ke7 28. Rxe5 Rxd3 29. Re2 Rd7 30. b3 a5 31. Re3 Qg6 32. c5 bxc5 33. Qxc5+ Ke8 34. Qc6 Ke7 35. Qc5+ Ke8 36. Qxa5 Rd3 37. Qb5+ Rd7 38. a4 Ke7 39. Qc5+ Ke8 40. a5 Qf7 41. a6 Rd2 42. Qc6+ Kd8 43. Rf3 Qe8 44. Qb7 Ra2 45. a7 Kd7 46. Rd3+ Ke7 47. Qxc7+ Kf6 48. Rd8 Rxa7 49. Qc3+ Ke7 50. Rxe8+ Kxe8 51. Qh8+ 1-0

[Event "CAN-ch O1800"]
[Site "Toronto CAN"]
[Date "2025.04.19"]
[Round "4.25"]
[White "Ajanthan, Amuthab"]
[Black "Bi, William"]
[Result "1-0"]
[WhiteElo "1744"]
[BlackElo "1892"]
[WhiteFideId "-1"]
[WhiteFideId "-1"]
[PlyCount "31"]
[GameId "2183959787766638"]
[EventDate "2025.04.18"]
[EventType "swiss"]
[EventRounds "9"]
[EventCountry "CAN"]

1. d4 d5 2. c4 e6 3. Nc3 Nf6 4. Nf3 Be7 5. Bf4 c6 6. e3 Nbd7 7. c5 Nh5 8. Bd3 Nxf4 9. exf4 Qc7 10. Ne5 f6 11. Qh5+ g6 12. Bxg6+ hxg6 13. Qxg6+ Kd8 14. Nf7+ Ke8 15. Nd6+ Kd8 16. Qe8+ 1-0

[Event "CAN-ch O1800"]
[Site "Toronto CAN"]
[Date "2025.04.19"]
[Round "4.26"]
[White "Mane, Arnav"]
[Black "Sethi, Aaron"]
[Result "1-0"]
[WhiteElo "1722"]
[BlackElo "1874"]
[WhiteFideId "-1"]
[WhiteFideId "-1"]
[PlyCount "100"]
[GameId "2183959787766639"]
[EventDate "2025.04.18"]
[EventType "swiss"]
[EventRounds "9"]
[EventCountry "CAN"]

1. e4 c6 2. d4 d5 3. e5 c5 4. dxc5 e6 5. Be3 Nd7 6. Nf3 Bxc5 7. Bxc5 Nxc5 8. Qd4 Qb6 9. a4 Ne7 10. b4 Ne4 11. Qxb6 axb6 12. Nfd2 Nxd2 13. Nxd2 Nc6 14. Bb5 Bd7 15. Bxc6 bxc6 16. O-O Ke7 17. Nb3 Rhc8 18. a5 bxa5 19. Rxa5 Rxa5 20. bxa5 c5 21. Ra1 Bb5 22. a6 c4 23. Nd4 Bd7 24. f4 g6 25. g4 Ra8 26. Ra5 h6 27. a7 h5 28. gxh5 gxh5 29. Kg2 Kd8 30. Kg3 Kc7 31. Kh4 Kb6 32. Ra1 Rxa7 33. Rxa7 Kxa7 34. Kxh5 Kb6 35. Kg5 c3 36. h4 Ba4 37. h5 Kc5 38. h6 Kxd4 39. h7 Bxc2 40. h8=Q Bg6 41. Qh2 c2 42. Qd2+ Kc4 43. Kg4 d4 44. Kg3 Kb3 45. Kf2 Kb2 46. Ke1 d3 47. Qb4+ Kc1 48. Qc3 Kb1 49. Kd2 Bf5 50. Qb3+ Ka1 1-0

[Event "CAN-ch O1800"]
[Site "Toronto CAN"]
[Date "2025.04.19"]
[Round "4.27"]
[White "Pan, Julian"]
[Black "Li, Justin"]
[Result "0-1"]
[WhiteElo "1870"]
[BlackElo "1793"]
[WhiteFideId "-1"]
[WhiteFideId "-1"]
[PlyCount "74"]
[GameId "2183959787774832"]
[EventDate "2025.04.18"]
[EventType "swiss"]
[EventRounds "9"]
[EventCountry "CAN"]

1. e4 c6 2. d4 d5 3. exd5 cxd5 4. c4 Nc6 5. Nc3 Nf6 6. Nf3 Bg4 7. Be3 e6 8. c5 Be7 9. h3 Bh5 10. Be2 O-O 11. O-O Nd7 12. Qa4 Bxf3 13. Bxf3 f5 14. Rae1 Nf6 15. Bg5 Ne4 16. Bxe7 Nxe7 17. Bxe4 fxe4 18. f3 exf3 19. Qc2 fxg2 20. Qxg2 Rxf1+ 21. Qxf1 Nf5 22. Qf4 Qf6 23. Re5 Rd8 24. b4 Kf7 25. b5 Nh6 26. Qxf6+ gxf6 27. Re1 Nf5 28. Ne2 e5 29. dxe5 fxe5 30. Kf2 Rc8 31. Rc1 Ke6 32. a4 d4 33. Ng1 e4 34. Ne2 Ke5 35. Ke1 Kd5 36. Nf4+ Ke5 37. Ne2 d3 0-1

[Event "CAN-ch O1800"]
[Site "Toronto CAN"]
[Date "2025.04.19"]
[Round "4.28"]
[White "Schyngera, Eli"]
[Black "Li, Aiden"]
[Result "0-1"]
[WhiteElo "1867"]
[BlackElo "1743"]
[WhiteFideId "-1"]
[WhiteFideId "-1"]
[PlyCount "70"]
[GameId "2183959787774833"]
[EventDate "2025.04.18"]
[EventType "swiss"]
[EventRounds "9"]
[EventCountry "CAN"]

1. e4 e6 2. d4 d5 3. Nd2 Nf6 4. e5 Nfd7 5. Bd3 c5 6. c3 Be7 7. b3 Nc6 8. Bb2 a6 9. Qg4 g6 10. h4 h5 11. Qg3 Nf8 12. a3 b5 13. Ngf3 Qb6 14. dxc5 Bxc5 15. b4 Be7 16. Nb3 Rg8 17. a4 Bb7 18. a5 Qc7 19. Ba3 Nd7 20. O-O Ncxe5 21. Nxe5 Qxe5 22. Nc5 Qxg3 23. fxg3 Bxc5+ 24. bxc5 Ne5 25. Be2 Bc6 26. Bb4 Ke7 27. Rae1 Nd7 28. g4 hxg4 29. Bxg4 Rae8 30. Re3 Kd8 31. Rd1 Kc7 32. h5 gxh5 33. Bxh5 Rg5 34. Bf3 Reg8 35. Kf1 Ne5 0-1